Gramática estructural. (Según la Escuela de Copenhague y con especial atención a la lengua española).
Shranjeno v:
| Glavni avtor: | |
|---|---|
| Format: | Knjiga |
| Jezik: | španščina |
| Izdano: |
Madrid, España:
Gredos,
1969.
|
| Izdaja: | Segunda edición. |
| Serija: | Biblioteca Románica Hispánica. Manuales, 3.
|
| Teme: | |
| Oznake: |
Označite
Brez oznak, prvi označite!
|
MARC
| LEADER | 00000nam a2200000 a 4500 | ||
|---|---|---|---|
| 001 | UCR8013 | ||
| 003 | CL-VaPUC | ||
| 005 | 20220822114338.0 | ||
| 008 | 980519t19690000SP |||||||||||||||||spa|d | ||
| 999 | |c 269583 |d 269581 | ||
| 020 | |a 84-249-1105-9 | ||
| 040 | |c Pontificia Universidad Católica de Valparaíso | ||
| 082 | 0 | 4 | |a 465 ALA 1969 |2 21 |
| 100 | 0 | |a Alarcos Llorach, Emilio |e autor |9 409633 | |
| 245 | 1 | 0 | |a Gramática estructural. |b (Según la Escuela de Copenhague y con especial atención a la lengua española). |
| 250 | |a Segunda edición. | ||
| 260 | |a Madrid, España: |b Gredos, |c 1969. | ||
| 300 | |a 129 páginas. | ||
| 490 | 0 | |a Biblioteca Románica Hispánica. Manuales, 3. | |
| 500 | |a c.2 Donación Familia Prof. Alejandro Guzmán Brito. | ||
| 583 | |a last modification |c 19980519 00:00:00 |k Rodrigo Vera | ||
| 650 | 0 | |a Español |9 255372 | |
| 650 | 0 | |a Gramática |9 270497 | |
| 650 | 0 | |a Lingüística descriptiva |2 CL-VaPUC |9 342607 | |
| 650 | 0 | |a Filología |9 321245 | |
| 942 | |c BK |2 ddc |n 0 | ||
| 945 | |d 19980519 00:00:00 |a crobeson | ||
| 952 | |0 0 |1 0 |2 ddc |4 0 |6 465_000000000000000_ALA_1969 |7 0 |8 A |9 303362 |a BIBEDU |b BIBEDU |d 2019-11-20 |i 140086K |o 465 ALA 1969 |p 140086K |r 2019-11-20 |w 2019-11-20 |y BK |k LIT | ||